Quick Pick: The 'S' Literature 2 Quiz Stats

 Plays Quiz not verified by Sporcle

Challenge
Share
Tweet
Embed
Score 0/10 Timer 01:00
0 Plays Today
% Correct
The Sun Also Rises
90%
The Spy Who Loved Me
89.2%
The Street Lawyer
80.3%
The Sea-Wolf
79.1%
The Secret Life of Bees
71.5%
The Scarlet Pimpernel
64%
The Subtle Knife
60.5%
The Shipping News
56.7%
The Secret Agent
54.5%
The Skin of Our Teeth
46.5%

You're not logged in!

Compare scores with friends on all Sporcle quizzes.
OR
Log In

You Might Also Like...

Show Comments

Extras

Top Quizzes Today


Score Distribution

Your Account Isn't Verified!

In order to create a playlist on Sporcle, you need to verify the email address you used during registration. Go to your Sporcle Settings to finish the process.

Report this User

Report this user for behavior that violates our Community Guidelines.

Details: